|
|
|
|
| LEADER |
00000nab a2200000 a 4500 |
| 001 |
vtls010730971 |
| 003 |
SK-MaSNL |
| 005 |
20260304194326.0 |
| 008 |
250709s1964 xo |||||||||||||||||slo| |
| 035 |
|
|
|a (urnnbn)urn:nbn:sk:snk:ar-a05894
|
| 035 |
|
|
|a (uuid)5735ced2-97b4-4f8a-9f2e-44cdeef3b891
|
| 035 |
|
|
|a urn:nbn:sk:snk-ab3tmh
|
| 040 |
|
|
|a SNKBUCL
|b slo
|c SNKBUCL
|e AACR2
|
| 041 |
0 |
|
|a slo
|b ger
|
| 044 |
|
|
|a xo
|c SK
|
| 100 |
1 |
|
|a Lamiová-Schmiedlová, Mária,
|d 1935-
|4 aut
|9 132262
|
| 245 |
1 |
0 |
|a KONTROLNÝ VÝSKUM V OSTROVANOCH ROKU 1963
|c Mária Lamiová-Schmiedlová, B. Nieburová
|
| 300 |
|
|
|b Fotogr., obr.
|
| 504 |
|
|
|a Bibliogr. odkazy
|
| 546 |
|
|
|a Res. nem.
|
| 648 |
|
7 |
|a 1963
|2 SNKPH
|9 282258
|
| 650 |
0 |
7 |
|a archeologické výskumy
|2 SNKPH
|9 74796
|
| 650 |
0 |
7 |
|a archeologické nálezy
|2 SNKPH
|9 4975
|
| 651 |
|
7 |
|a Ostrovany (Slovensko)
|2 SNKPHgeo
|9 51665
|
| 655 |
|
7 |
|a štúdie
|2 SNKPH
|9 57033
|
| 773 |
0 |
|
|t Študijné zvesti Archeologického ústavu Slovenskej akadémie vied
|g Roč. 13, č. 13 (1964), s. 233-264
|
| 850 |
|
|
|a Slovenská národná knižnica
|
| 852 |
|
|
|a Slovenská národná knižnica
|
| 954 |
|
|
|a odborná, vedecká literatúra pôvodná (slovenská)
|2 lita
|
| 958 |
|
|
|a article1
|
| 958 |
|
|
|a OND
|
| 958 |
|
|
|a EUIPO
|
| 999 |
|
|
|c 3073612
|d 3075542
|